000 00332nam a2200133Ia 4500
005 20251222152011.0
008 251222s9999||||xx |||||||||||||| ||spa||
082 _a633.74/B39
100 _aBellos Amez, Segundo
245 0 _aCultivo de la Piña en la Selva Central del Perú
250 _a1ra.ed.
264 _bINIA
942 _cLIB
999 _c24896
_d24896